000
003170000a22001450004500
003
MACL
040
_a
MACL
090
_c
33161
_d
33159
100
_a
Agrawal, Deepak
245
_a
Objective Chemistry
260
_b
Jai Prakash Nath Publication
_c
2003
350
_a
435
650
_a
Chemistry
942
_c
BOOK
_k
540/Aga
999
_c
32814
_d
32814